Aston Villa 2020/21 Squad - Statistics

General Stats
  • This quiz has been taken 41 times
  • The average score is 18 of 26
Answer Stats
Number Position Nation Player % Correct
5 DF England Tyrone Mings
94%
26 GK Argentina Emiliano Martinez
91%
7 MF Scotland John McGinn
91%
11 FW England Ollie Watkins
91%
15 FW Burkina Faso Bertrand Traore
88%
6 MF Brazil Douglas Luiz
82%
4 DF England Ezri Konsa
79%
10 MF England Jack Grealish
79%
21 FW Netherlands Anwar El Ghazi
76%
19 MF Zimbabwe Marvelous Nakamba
73%
17 FW Egypt Trezeguet
70%
2 DF England Matty Cash
67%
9 FW Brazil Wesley Moraes
67%
41 MF England Jacob Ramsey
64%
20 MF England Ross Barkley
64%
1 GK England Tom Heaton
64%
12 GK England Jed Steer
61%
3 DF Wales Neil Taylor
61%
18 DF England Matt Targett
58%
30 DF England Kortney Hause
55%
27 DF Egypt Ahmed Elmohamady
52%
22 DF Belgium Bjorn Engels
52%
39 FW England Keinan Davis
52%
25 MF France Morgan Sanson
52%
24 DF France Frederic Guilbert
42%
8 MF England Henri Lansbury
36%
No matching quizzes found
Score Distribution
Percent of People with Each Score
Percentile by Number Answered
Your Score History
You have not taken this quiz